MARC

LEADER 00000nas a22000007a 4500
001 ssj0000983
003 WaSeSS
005 20200512172242.0
006 m d
007 cr n
008 050614c19779999caubr p s 0 a0eng
010 |a  2012201521 
022 |a 2168-3298  |y 0161-7362 
028 0 2 |a RBZ0000758 
035 |a (WaSeSS)ssj0000983 
040 |a OCLCS  |b eng  |c OCLCS  |d CO3  |d BUF  |d OCLCQ  |d DLC  |d OCLCO  |d OCLCQ  |d OCLCF  |d OCLCO  |d OCLCQ  |d RECBK  |d ZAC  |d QQ3  |d AUD  |d WaSeSS 
042 |a pcc  |a nsdp 
043 |a n-us-ca 
050 1 4 |a F868.S5  |b S5 
070 0 |a GV191.2.S5 
072 0 |a P000 
072 0 |a W000 
082 1 0 |a 910/.5  |2 14 
130 0 |a Sierra (Online) 
222 0 |a Sierra  |b (Online) 
245 1 0 |a Sierra  |h [electronic resource]. 
260 |a San Francisco :  |b Sierra Club 
310 |a Bimonthly,  |b <Sept./Oct. 1979-> 
321 |a Monthly (except bimonthly Jul.-Aug. and Nov.-Dec.) 
362 1 |a Print began with v. 62, no. 8 in Oct. 1977. 
500 |a "The Sierra Club bulletin." 
506 |a License restrictions may limit access. 
538 |a Mode of access: World Wide Web. 
588 |a Description based on print version record. 
588 |a Latest issue consulted: Vol. 97, issue 3 (May/June 2012) (EBSCO website, viewed June 19, 2012). 
610 2 0 |a Sierra Club  |v Periodicals. 
610 2 7 |a Sierra Club.  |2 fast  |0 (OCoLC)fst00530718 
610 2 6 |a Sierra Club  |v Périodiques. 
650 0 |a Outdoor life  |v Periodicals. 
650 0 |a Environmental protection  |z United States  |v Periodicals. 
650 0 |a Conservation of natural resources  |z United States  |v Periodicals. 
650 7 |a Conservation of natural resources.  |2 fast  |0 (OCoLC)fst00875502 
650 7 |a Environmental protection.  |2 fast  |0 (OCoLC)fst00913324 
650 7 |a Outdoor life.  |2 fast  |0 (OCoLC)fst01049140 
651 7 |a United States.  |2 fast  |0 (OCoLC)fst01204155 
655 0 |a Electronic journals. 
710 2 |a Sierra Club. 
776 0 8 |i Print version:  |t Sierra  |x 0161-7362  |w (DLC) 85641469  |w (OCoLC)3799993 
780 0 0 |t Sierra Club bulletin 
856 4 0 |z Full text available from Research Library: 01/01/1988 to 11/30/2002  |u https://search.proquest.com/publication/47374